| 000 | 00582nam a2200193Ia 4500 | ||
|---|---|---|---|
| 003 | GCL | ||
| 008 | 140319s9999 xx 000 0 ara d | ||
| 040 |
_aGCL / _cGCL |
||
| 082 | 0 | 4 |
_a636.5 _bث ت |
| 100 | 1 | _aشير كانى | |
| 245 | 1 | 0 |
_aتربية الدواجن / _cشير كانى |
| 700 | 1 | _aمحمد غريب جودة (مترجم) | |
| 260 |
_a[S.N] : _bالهيئة المصرية العامة للكتاب ، _c1987 |
||
| 300 | _a223 ص | ||
| 490 |
_aالالف كتاب _v0 |
||
| 650 | 0 | 4 | _aالتربية |
| 650 | 0 | 4 | _aمزارع الدواجن |
| 942 |
_2ddc _cBK |
||
| 999 |
_c27812 _d27812 |
||